000
00355nam a2200145 a 4500
005
20140414093847.0
008
110304s19uu xx 00 eng d
050
_a
CDR 372.48
_b
C12 2004
100
_a
Calhoun, Emily
245
_a
Using data to assess your reading program.
260
_c
2004.
650
_a
Reading
942
_c
AVM
999
_c
109717
_d
109717